Geography and refugees : patterns and processes of change

Αποθηκεύτηκε σε:
Λεπτομέρειες βιβλιογραφικής εγγραφής
Άλλοι συγγραφείς: Black, Richard 1964- (Επιμελητής έκδοσης), Robinson, Vaughan (Επιμελητής έκδοσης)
Μορφή: Βιβλίο
Γλώσσα:English
Δημοσίευση: London : Belhaven Press, c1993
Θέματα:
Ετικέτες: Προσθήκη ετικέτας
Δεν υπάρχουν, Καταχωρήστε ετικέτα πρώτοι!

MARC

LEADER 00000nam a2200000 i 4500
001 1/70186
008 981119s1993 eng d
020 |a 1-85293-227-9 
035 |l 10030573 
040 |a GR-MY-UA  |b gre  |e aacr 
041 0 |a eng 
082 0 |a 304.8 
245 1 0 |a Geography and refugees :  |b patterns and processes of change /  |c Edited by Richard Black; Vaughan Robinson 
260 |a London :   |b Belhaven Press,   |c c1993 
300 |a 220 p.  |b tabl.; fig. 
504 |a Includes bibliographical references and index 
650 0 0 |a Refugees. 
700 1 |a Black, Richard  |d 1964-  |4 edt 
700 1 |a Robinson, Vaughan.  |4 edt 
852 |a INST  |b LESVOS  |e 19981119  |h 304.8 GEO  |p 005100018047  |q 005100018047  |t BK  |y 0 
901 |a BIBL-1998-3 
909 |a Λ  |b 060381 
922 |a 1ΕΛΗ  |b 199810  |c ΚΠΣ/ΤΓ  |d ΠΑΠΑΣΩΤΗΡΙΟΥ 
950 |a 118-1998-07-18